| 000 | 00969nam a2200265 i 4500 | ||
|---|---|---|---|
| 003 | DO-SdBNP | ||
| 005 | 20240307073943.0 | ||
| 007 | ta | ||
| 008 | 110413s1998 dr 000 j spa d | ||
| 040 |
_aDO-SdBNP _bspa _cBNPHU _erda |
||
| 082 |
_bB524 _222 |
||
| 100 | 1 |
_aBernbaum, Marcia _953359 |
|
| 245 | 1 | 0 |
_aEduca : _blíderes empresariales promueven la educación básica y la reforma educativa en la República Dominicana / _cMarcia Bernbaum, Uli Locher |
| 264 | 1 |
_aSanto Domingo : _bUSAID, _bTalleres gráficos de Mograf, _c1998. |
|
| 300 |
_a64 páginas _c23 cm. |
||
| 336 |
_2rdacontent _atexto _btxt |
||
| 337 |
_2rdamedia _asin mediación _bn |
||
| 338 |
_2rdacarrier _avolumen _bnc |
||
| 500 | _aIncluye datos biografícos de los autores en la solapa de la contraportada. | ||
| 590 | _aInventariado, 2023/ YL | ||
| 700 | 1 |
_aLocher, Uli _eautor _984675 |
|
| 710 | 2 |
_aInstituto Tecnológico de Santo Domingo _978911 |
|
| 910 | _aYLockward | ||
| 942 |
_2ddc _cLBS1 |
||
| 999 |
_c55596 _d55596 |
||